000 00503nam a2200133Ia 4500
005 20260209120134.0
008 260209s9999||||xx |||||||||||||| ||und||
100 _aNayanika Barua
245 0 _aHelping the helpless : an insight into the realm of mental health legislations
260 _aBangaloreBangalore
_bNLSIU
_c2014
300 _a126 p. ; 25 cm.
700 _aProf. (Dr.) Sarasu Esther Thomas - GuideProf. (Dr.) Sarasu Esther Thomas - Guide
856 _uhttps://dans.nls.ac.in/handle/123456789/1776
999 _c217164
_d217164